000 00858nam a22001817a 4500
999 _c59385
_d59385
003 Ge_BSU
005 20230202113939.0
008 230202s2006 ge ||||| |||| 00| 0 geo d
020 _a9992884452
041 _ageo
080 _a349.41(479.22)(094.4) ს-32
245 _aსაქართველოს კანონმდებლობა მიწის შესახებ :
_bცვლილებებითა და დამატებებით 2006 წლის 10 ნოემბრამდე.
264 _aთბილისი :
_b[ბონა კაუზა],
_c2006.
300 _a256 გვ. ;
_b21 სმ.
490 _aიურისტის ბიბლიოთეკა
653 _aსაქართველოს კანონმდებლობა მიწის შესახებ
942 _2udc
_cBK